| 000 | 01269 a2200181 4500 | ||
|---|---|---|---|
| 003 | Nust | ||
| 005 | 20221226102211.0 | ||
| 040 | _cNust | ||
| 082 | _a621.388,CAH | ||
| 100 |
_aCahill John T _9105868 |
||
| 245 |
_aBefore the Federal Communications Commission / _cCahill John T |
||
| 260 |
_aLondon _bNational broadcasting company _c1953. |
||
| 300 | _a697p | ||
| 505 | _aTechnical signal specifications proposed as standards for color television (Page-35), Survey of audience reaction to RCA color television (Page-43), NBC color television programming plans and policies (Page-89), Principles and development of color television systems (Page-101), RCA tricolor kinescopes and assosiated components (Page-263), Receivers for the RCA color television system (Page-309), Enginering study of picture quality in the RCA color television system (Page-371), Comparison of monochrome and color television with reference to susceptibility to various types of interference (Page-417), Terminal equipment for the RCA color television system (Page-439), NBC operating experience with the RCA color television system (Page 515), Networking RCA color television (Page-679). | ||
| 600 |
_aJohn T Cahill _9105869 |
||
| 650 |
_aCommunication Commission _9105870 |
||
| 942 |
_2ddc _cBK |
||
| 999 |
_c183295 _d183295 |
||